000 00475nam a2200181Ia 4500
008 100917s9999 xx 000 0 und d
082 _b22242
100 _aभावे पुरूषोत्तम भास्कर
245 _aवैरी
260 _bसुविचार प्रकाशन
_c1962
300 _a139
365 _b4
520 _aकथा
630 _aवैरी
650 _aकथा
730 _aवैरी
942 _cBOOK
999 _c627636
_d627633